मराठी स्त्री शक्तीचे राजकारणी रुप (Record no. 138621)

MARC details
000 -LEADER
fixed length control field 00680nam a2200181Ia 4500
008 - FIXED-LENGTH DATA ELEMENTS--GENERAL INFORMATION
fixed length control field 090124s9999 xx 000 0 und d
082 ## - DEWEY DECIMAL CLASSIFICATION NUMBER
Item number 25090
Classification number 3175
100 ## - MAIN ENTRY--PERSONAL NAME
Personal name गुप्ता शरद
245 ## - TITLE STATEMENT
Title मराठी स्त्री शक्तीचे राजकारणी रुप
250 ## - EDITION STATEMENT
Edition statement 1
260 ## - PUBLICATION, DISTRIBUTION, ETC. (IMPRINT)
Date of publication, distribution, etc 1986
300 ## - PHYSICAL DESCRIPTION
Extent 313
600 ## - SUBJECT ADDED ENTRY--PERSONAL NAME
Personal name गुप्ता शरद
630 ## - SUBJECT ADDED ENTRY--UNIFORM TITLE
Uniform title मराठी स्त्री शक्तीचे राजकारणी रुप
700 ## - ADDED ENTRY--PERSONAL NAME
Personal name गुप्ता शरद
730 ## - ADDED ENTRY--UNIFORM TITLE
Uniform title मराठी स्त्री शक्तीचे राजकारणी रुप
942 ## - ADDED ENTRY ELEMENTS (KOHA)
Koha item type Book
Holdings
Withdrawn status Lost status Damaged status Not for loan Home library Current library Date acquired Cost, normal purchase price Total Checkouts Full call number Barcode Date last seen Cost, replacement price Price effective from Koha item type
        Marathi Granth Sangrahalaya,Thane Marathi Granth Sangrahalaya,Thane   50.00   25090 THNMGS-25090 01/24/2009 50.00 01/24/2009 Book